000 00808nam a2200241 a 4500
001 BRCA_860
005 20190320203201.0
008 050905s1986----sp-a---###---#000-0#spa-#
020 _a8470315684
041 _aspa
044 _asp
050 4 _aNK7310
_b.D67 1986
100 1 _aDormer, Peter
_92869
245 1 0 _aLa nueva joyería
_bdiseños actuales y nuevas tendencias
_cPeter Dormer y Ralph Turner ; traducción Pablo Mario Di Masso Sabolo.
260 _aBarcelona
_bBlume
_c1986
300 _a189 p.
_bil. (algunas a color)
_c26 cm.
500 _aTraducción de : The new jewelry
500 _a2do. ejemplar en el Área de Investigación
650 1 4 _aJoyas
_xHistoria
_ySiglo XX
_92870
700 1 _aTurner, Ralph
_ecoaut.
_92871
700 1 _aMasso Sabolo, Pablo Mario Di
_etr.
_92872
942 _2lcc
_cB
999 _c755
_d755